Hojas de un libro (Record no. 163606)

MARC details
000 -LEADER
campo de control de longitud fija 00563nam a22001695i 4500
001 - NÚMERO DE CONTROL
campo de control 163606
003 - IDENTIFICADOR DE NÚMERO DE CONTROL
campo de control ES-MaACL
005 - FECHA Y HORA DE LA ÚLTIMA TRANSACCIÓN
campo de control 20230906212756.0
008 - DATOS DE LONGITUD FIJA--INFORMACIÓN GENERAL
campo de control de longitud fija 990315s1884 ve |||| | spa d
040 ## - FUENTE DE CATALOGACIÓN
Centro catalogador/agencia de origen CCPB | B
Lengua de catalogación spa
Centro/agencia transcriptor CCPB | B
100 1# - ENTRADA PRINCIPAL--NOMBRE DE PERSONA
Nombre de persona Rivodó, Ermelindo.
9 (RLIN) 131876
245 10 - MENCIÓN DEL TÍTULO
Título Hojas de un libro
Resto del título : poesías /
Mención de responsabilidad, etc. Ermelindo Rivodó.
260 ## - PUBLICACIÓN, DISTRIBUCIÓN, ETC.
Lugar de publicación, distribución, etc. La Guaira (Venezuela) :
Nombre del editor, distribuidor, etc. [s.n.],
Fecha de publicación, distribución, etc. 1884 (
Fabricante Imprenta del Diario de La Guaira)
300 ## - DESCRIPCIÓN FÍSICA
Extensión v. ;
Dimensiones 23 cm.
752 ## - ENTRADA AGREGADA--NOMBRE JERÁRQUICO DEL LUGAR
País o entidad superior Venezuela -
Ciudad La Guaira
852 ## - LOCALIZACIÓN
Ubicación ES-MaACL
Número de control de estantería G-6421
Nota libre -- Enc. pasta
condición física -- Sólo t.I
Holdings
Estatus retirado Estado de pérdida Estado de daño No para préstamo Colección Biblioteca de origen Biblioteca actual Ubicación en estantería Fecha de adquisición Fuente de adquisición Total de préstamos Signatura topográfica completa Código de barras Visto por última vez Precio de reemplazo Tipo de ítem Koha
        Libros del s. XIX Biblioteca del Ateneo de Madrid Biblioteca del Ateneo de Madrid Depósito 2 17/01/2008     G-6421 1171445 23/02/2023 23/02/2023 Libro impreso antiguo